Gotische und barocke holzkirchen in den Karpathenländern

Bibliographic Details
Main Author: Zaloziecky, W. R. (Author)
Format: Book
Language:Undetermined
Published: Wien Kystall-Verlag Ges. M. B. H. 1925

MARC

LEADER 00000nam a2200000 a 4500
001 vtls001365471
003 SK-MaSNL
005 20260301161010.0
008 240315s1925 xx 0 und
035 |a SNK000319124 
040 |a SNK  |b slo  |c SNK  |e AACR2 
100 1 |a Zaloziecky, W. R.  |4 aut  |9 523372 
245 1 |a Gotische und barocke holzkirchen in den Karpathenländern 
260 |a Wien  |b Kystall-Verlag Ges. M. B. H.  |c 1925 
300 |a 126 s. 
999 |c 807721  |d 809651 
952 |a SNK  |b SNK  |y PREZ  |7 0  |p 17A0973666  |o snkSC 33672  |0 0  |1 0  |4 0  |d 2012-09-27  |l 0  |r 2025-09-30 00:00:00  |w 2026-02-24 
952 |t P60, <04>, [BOOK], {604}  |a SNK  |b SNK  |y VYP  |7 0  |p 17A0196334  |o snkSC 33672 D1  |0 0  |1 0  |4 0  |d 1999-06-09  |l 0  |r 2005-01-02 00:00:00  |w 2026-02-24